Statistics for Countries Prince William has visited

Click here to take the quiz!

General Stats

  • This quiz has been taken 111 times
    (40 since last reset)
  • The average score is 26 of 41

Answer Stats

ContinentCountry% Correct
EuropeFrance
97%
EuropeGermany
97%
North AmericaUnited States of America
97%
OceaniaAustralia
93%
North AmericaCanada
93%
AsiaJapan
90%
AsiaChina
86%
AsiaIndia
86%
EuropeIreland
83%
EuropeDenmark
79%
EuropeNorway
79%
EuropeSweden
79%
EuropeFinland
76%
North AmericaJamaica
76%
EuropeBelgium
72%
OceaniaNew Zealand
72%
AfricaSouth Africa
69%
AsiaPakistan
66%
EuropePoland
66%
North AmericaBahamas
62%
AfricaKenya
62%
North AmericaBelize
59%
AsiaIsrael
59%
AsiaSingapore
59%
AsiaAfghanistan
55%
AsiaMalaysia
55%
EuropeCyprus
52%
AfricaBotswana
48%
AsiaJordan
48%
EuropeMalta
48%
AfricaTanzania
45%
AsiaUnited Arab Emirates
45%
AsiaOman
41%
OceaniaTuvalu
41%
AsiaVietnam
41%
EuropeLuxembourg
38%
AfricaLesotho
31%
OceaniaSolomon Islands
31%
AsiaBhutan
28%
AsiaKuwait
28%
AfricaNamibia
28%

Score Distribution

Percentile by Number Answered

Percent of People with Each Score

Your Score History

You have not taken this quiz since the last reset